000 00517nam a22001697a 4500
003 BD-ChCU
005 20260128093706.0
008 260128b bg ||||| |||| 00| 0 ben d
040 _cBD-ChCU
082 _a551.5 SUM
100 _aSutton , O.C.
_919791
245 _aMicrometeorology :
_ba study of physical processes in the lowest layers of the earth's atmosphere./
_cO.G. Sutton.
260 _aNew York :
_bMcgraw - hill ,
_cC 1953
300 _axii , 333p
650 0 _aMeteorology.
_919795
942 _2ddc
_cBK
_n0
999 _c111324
_d111324